| 000 | 00000nam 2200000za 4500 |
| 001 | 9.840940 |
| 003 | CaOODSP |
| 005 | 20221107151952 |
| 007 | cr ||||||||||| |
| 008 | 170802s1973 oncabd ob f000 0 eng d |
| 040 | |aCaOODSP|beng |
| 043 | |an-cn---|an-cn-on |
| 086 | 1 |aM38-8/122E-PDF|zM38-8/122 |
| 100 | 1 |aCoates, D. F., |d1923- |
| 245 | 10|aElements of planning in deep mining |h[electronic resource] / |cD.F. Coates and M. Dickhout. Stope-and-pillar design for the Elliot Lake uranium mines / D.G.F. Hedley and F. Grant. |
| 246 | 30|aStope-and-pillar design for the Elliot Lake uranium mines |
| 260 | |aOttawa : |bInformation Canada, |c1973. |
| 300 | |ap. 74-78, 8 p. : |bcharts, ill., map |
| 490 | 1 |aReprint series ; |vRS 122 |
| 500 | |aCover title. |
| 500 | |a"Reprinted from Canadian Mining Journal, 91, number 9, pp. 74-78, September, 1970." |
| 500 | |a"Reprinted from C.I.M. Transactions, volume lxxv, pp. 121-128, Montreal, 1972." |
| 500 | |aHistorical publication digitized from print 2017 [by Natural Resources Canada]. |
| 504 | |aIncludes bibliographical references. |
| 692 | 07|2gccst|aMining industry |
| 700 | 1 |aDickhout, M. |
| 700 | 1 |aHedley, D. G. F. |
| 700 | 1 |aGrant, F. |
| 710 | 1 |aCanada. |bNatural Resources Canada. |
| 710 | 1 |aCanada. |bDepartment of Energy, Mines and Resources. |
| 710 | 1 |aCanada. |bMines Branch. |
| 830 | #0|aReprint series - Dept. of Energy, Mines and Resources, Mines Branch ;|vRS 122|w(CaOODSP)9.834843 |
| 856 | 40|qPDF|s3.98 MB|uhttps://publications.gc.ca/collections/collection_2017/rncan-nrcan/M38-8/M38-8-122-eng.pdf |
| 986 | |a300201 |